000 00882nam a22002297a 4500
003 UA-OsUOA
001 46166
007 ta
008 20120206b un ||||| |||| 00| 0 ukr d
090 _a061
_bЮ14
942 _cBR
040 _aUA-OsUOA
_bukr
_cUA-OsUOA
_dUA-OsUOA
245 _aЮвівлейна міжкрайова пластова зустріч 4-19 серпня 2007 р. з нагоди 95-річчя Пласту 50-річчя першої ЮМПЗ на північно-американському континенті і 100-річчя світового скавтського Руху
300 _a56 с.
955 _a4
041 _aukr
080 _a061
260 _c2007
650 7 _a0 Загальний відділ.
_2UDC
999 _c426271
_d426271